| 000 | 00761cam a2200265 a 4500 | ||
|---|---|---|---|
| 008 | |||
| 020 | _a0139421440 (hbk.) | ||
| 049 | _aMAIN | ||
| 090 |
_aQR360 _bFRA |
||
| 100 | 1 | _aFraenkel-Conrat, Heinz. | |
| 245 | 1 | 0 |
_aVirology / _cHeinz Fraenkel-Conrat, Paul C. Kimball. |
| 260 |
_aEnglewood Cliffs, N.J. : _bPrentice-Hall, _cc1982. |
||
| 300 |
_ax, 406 p. : _bill., maps ; _c25 cm. |
||
| 504 | _aIncludes bibliographical references. | ||
| 500 | _aIncludes index. | ||
| 650 | 0 | _aVirology. | |
| 650 | 2 | _aViruses | |
| 650 | 2 | _aVirus Diseases | |
| 700 | 1 | _aKimball, Paul C. | |
| 907 |
_a.b10001347 _b16-08-11 _c17-04-03 |
||
| 003 | |||
| 005 | 20230120203828.0 | ||
| 040 | _cNUST | ||
| 942 |
_cBOOKS _kQR360 _mFRA |
||
| 999 |
_c112202 _d112202 |
||